| 000 | 00904cas a2200157 4500 | ||
|---|---|---|---|
| 008 | 170427n eng u | ||
| 022 | _a00219371 | ||
| 035 | _a(Sirsi) a202645 | ||
| 050 | _ahttp://www.jstor.org/subject/britstud | ||
| 245 | _aJournal of British Studies | ||
| 260 | _aJSTOR | ||
| 310 | _aQuarterly | ||
| 362 | _aVol. 1 , No. 1 , 1961 - Vol. 55 , No. 2 , 2016 | ||
| 520 | _aThe official publication of the North American Conference on British Studies (NACBS), the Journal of British Studies, has positioned itself as the critical resource for scholars of British culture from the Middle Ages through the present. Drawing on both established and emerging approaches, JBS presents scholarly articles and books reviews from renowned international authors who share their ideas on British society, politics, law, economics, and the arts. | ||
| 650 | _aBritish Studies | ||
| 999 |
_c5881 _d5881 |
||